| 000 | 00509nam a2200157Ia 4500 | ||
|---|---|---|---|
| 008 | 210430s9999 xx 000 0 und d | ||
| 020 | _a618433899 | ||
| 082 | _a808.0666 R5851 T | ||
| 100 |
_aDaniel G Riordan, Steven E. Pauley _9128994 |
||
| 245 |
_aTechnical Report Writing Today / _cDaniel G Riordan |
||
| 250 | _a8th edition | ||
| 260 |
_aIslamabad _bNational Book Foundation _c2010 |
||
| 300 | _a598p. | ||
| 856 | _uhttp://www.amazon.com/exec/obidos/ASIN/0618433899/chopaconline-20 | ||
| 942 |
_cBK _2ddc |
||
| 999 |
_c564317 _d564317 |
||